| 000 | 01283nam a22002657a 4500 | ||
|---|---|---|---|
| 001 | 7167 | ||
| 003 | FISKH | ||
| 005 | 20250701085746.0 | ||
| 008 | 250701b cb ||||| |||| 00| 0 eng d | ||
| 040 |
_aFISKH _beng _cFISKH _dFISKH |
||
| 050 | _aPZ7 | ||
| 082 | _a372.4 | ||
| 100 | _aAnonymous | ||
| 245 |
_aShades and JB on Safari : _bBring another level of play to your Vtech computer! / |
||
| 260 |
_aKowloon : _bVtech, _c2002. |
||
| 300 |
_a32 pages : _bcolor illustrations ; _c27 cm |
||
| 490 |
_aWork book : _v01 |
||
| 505 | _aE | ||
| 520 | _aIn this activity-packed workbook, children join two friendly characters—Shades, a curious chameleon, and JB, the jittery bug—on an exciting safari adventure. Along the way, they explore the world of animals, shapes, colors, numbers, and letters through engaging exercises such as tracing, matching, counting, coloring, and solving puzzles. Designed to complement VTech’s early learning systems, this workbook strengthens early literacy and numeracy skills while promoting curiosity about nature and wildlife. | ||
| 521 | 8 |
_a160
_bLexile estimate |
|
| 521 | 8 |
_aE
_bRaz-Plus |
|
| 650 |
_aSafari animals _vPhonics and reading _xCounting and numbers _yActivity book |
||
| 942 |
_2ddc _cBK _n0 |
||
| 999 |
_c7167 _d7167 |
||